Famous Explorers #5 - Statistics

General Stats
  • This quiz has been taken 14 times
  • The average score is 2 of 20
Answer Stats
Hint Answer % Correct
American |Soviet |
Soviet | Soviet
Albert II | Dezik & Tsygan | Laika | Belka & Strelka
67%
Native American Sacagawea
42%
Venetian Sebastian Cabot
33%
French Jean-François de La Pérouse
17%
Jewish Benjamin of Tudela
8%
French Jules Dumont d'Urville
8%
Spanish Diego de Almagro
0%
Dutch Dirk Hartog
0%
British Ed Stafford
0%
Spanish Francisco de Orellana
0%
Norse Ingólfr Arnarson
0%
French Jeanne Baret
0%
British John Alcock | Arthur Brown
0%
Japanese Junko Tabei
0%
Portuguese Lopes Gonçalves
0%
British Mary Kingsley
0%
Russian Mikhail Lazarev
0%
English Robert FitzRoy
0%
Soviet Valery Bykovsky
0%
Chinese Zhang Qian
0%
No matching quizzes found
Score Distribution
Percent of People with Each Score
Percentile by Number Answered
Your Score History
You have not taken this quiz